[Event "LOTTO Polish Championship"]
[Site "www.chessmanager.com"]
[Date "2018.05.12"]
[Round "1"]
[White "Bartel, Mateusz"]
[Black "Mista, Aleksander"]
[Result "1-0"]
[Board "3"]
[WhiteElo "2604"]
[WhiteTitle "GM"]
[WhiteCountry "POL"]
[WhiteFideId "1112635"]
[WhiteEloChange "5"]
[BlackElo "2590"]
[BlackTitle "GM"]
[BlackCountry "POL"]
[BlackFideId "1110381"]
[BlackEloChange "-5"]

1. e4 {[%clk 1:30:56]} c5 {[%clk 1:30:57]} 2. Nf3 {[%clk 1:31:14]} d6 {[%clk
1:31:23]} 3. Bb5+ {[%clk 1:31:38]} Nd7 {[%clk 1:31:47]} 4. Ba4 {[%clk 1:32:00]}
Nf6 {[%clk 1:29:52]} 5. O-O {[%clk 1:32:21]} a6 {[%clk 1:28:54]} 6. c4 {[%clk
1:32:43]} g6 {[%clk 1:23:41]} 7. Nc3 {[%clk 1:32:28]} Bg7 {[%clk 1:24:05]} 8. d3
{[%clk 1:32:53]} O-O {[%clk 1:24:04]} 9. h3 {[%clk 1:33:16]} b6 {[%clk 1:18:24]}
10. Be3 {[%clk 1:31:37]} Bb7 {[%clk 1:18:44]} 11. Rb1 {[%clk 1:32:05]} e6 {[%clk
1:16:02]} 12. b4 {[%clk 1:26:25]} Qc7 {[%clk 1:14:25]} 13. Qd2 {[%clk 1:23:36]}
Rfd8 {[%clk 1:12:43]} 14. Rfc1 {[%clk 1:14:58]} Rab8 {[%clk 1:11:47]} 15. Bg5
{[%clk 1:11:25]} Rdc8 {[%clk 0:59:39]} 16. a3 {[%clk 0:58:30]} Nf8 {[%clk
0:52:23]} 17. Nh2 {[%clk 0:36:07]} e5 {[%clk 0:46:59]} 18. Nd5 {[%clk 0:28:43]}
Nxd5 {[%clk 0:44:32]} 19. cxd5 {[%clk 0:28:56]} f5 {[%clk 0:44:24]} 20. bxc5
{[%clk 0:24:44]} dxc5 {[%clk 0:40:51]} 21. Qa2 {[%clk 0:19:10]} Kh8 {[%clk
0:39:34]} 22. Bd2 {[%clk 0:19:21]} f4 {[%clk 0:35:32]} 23. Bd1 {[%clk 0:18:17]}
h5 {[%clk 0:33:35]} 24. a4 {[%clk 0:17:57]} Nd7 {[%clk 0:32:36]} 25. g4 {[%clk
0:17:52]} Nf6 {[%clk 0:26:21]} 26. Bc3 {[%clk 0:15:26]} Re8 {[%clk 0:24:51]} 27.
Qb2 {[%clk 0:09:12]} Bc8 {[%clk 0:24:16]} 28. Nf3 {[%clk 0:08:33]} Nh7 {[%clk
0:22:05]} 29. a5 {[%clk 0:06:07]} b5 {[%clk 0:18:44]} 30. Bb4 {[%clk 0:06:33]}
hxg4 {[%clk 0:17:36]} 31. Rxc5 {[%clk 0:06:16]} Qf7 {[%clk 0:15:08]} 32. hxg4
{[%clk 0:04:20]} Bxg4 {[%clk 0:15:26]} 33. Kf1 {[%clk 0:02:56]} Bh3+ {[%clk
0:10:20]} 34. Ke1 {[%clk 0:03:22]} g5 {[%clk 0:10:45]} 35. d6 {[%clk 0:01:52]} g4
{[%clk 0:07:38]} 36. Nxe5 {[%clk 0:02:20]} Rxe5 {[%clk 0:07:57]} 37. Rxe5 {[%clk
0:02:48]} g3 {[%clk 0:08:14]} 38. Bf3 {[%clk 0:01:49]} Qg6 {[%clk 0:05:07]} 39.
Bc3 {[%clk 0:01:14]} g2 {[%clk 0:04:48]} 40. Re7 {[%clk 0:30:52]} g1Q+ {[%clk
0:34:00]} 41. Ke2 {[%clk 0:31:16]} Q1g5 {[%clk 0:20:55]} 42. Rxg7 {[%clk
0:27:08]} Qxg7 {[%clk 0:21:21]} 43. Rh1 {[%clk 0:27:19]} Be6 {[%clk 0:17:18]} 44.
Bxg7+ {[%clk 0:25:32]} Qxg7 {[%clk 0:17:46]} 45. e5 {[%clk 0:25:56]} Re8 {[%clk
0:15:15]} 46. Be4 {[%clk 0:24:50]} f3+ {[%clk 0:11:02]} 47. Kd2 {[%clk 0:16:24]}
Qg5+ {[%clk 0:07:37]} 48. Kc2 {[%clk 0:16:49]} Rc8+ {[%clk 0:06:01]} 49. Kb1
{[%clk 0:17:16]} Qg2 {[%clk 0:01:26]} 50. Rxh7+ {[%clk 0:16:34]} Kg8 {[%clk
0:01:55]} 51. Rc7 {[%clk 0:07:16]} Rxc7 {[%clk 0:02:01]} 52. dxc7 {[%clk
0:07:41]} Kf7 {[%clk 0:02:30]} 53. Qd2 {[%clk 0:07:06]} Ke7 {[%clk 0:01:19]} 54.
Qe3 {[%clk 0:07:26]} Qf1+ {[%clk 0:01:24]} 55. Kc2 {[%clk 0:07:18]} Kd7 {[%clk
0:00:35]} 56. Qd4+ {[%clk 0:07:22]} Kxc7 {[%clk 0:00:59]} 57. Qd6+ {[%clk
0:07:46]} 1-0

[Event "LOTTO Polish Championship"]
[Site "www.chessmanager.com"]
[Date "2018.05.13"]
[Round "2"]
[White "Mista, Aleksander"]
[Black "Socko, Bartosz"]
[Result "1-0"]
[Board "3"]
[WhiteElo "2590"]
[WhiteTitle "GM"]
[WhiteCountry "POL"]
[WhiteFideId "1110381"]
[WhiteEloChange "5"]
[BlackElo "2593"]
[BlackTitle "GM"]
[BlackCountry "POL"]
[BlackFideId "1107038"]
[BlackEloChange "-5"]

1. e4 {[%clk 1:30:58]} c6 {[%clk 1:30:53]} 2. d4 {[%clk 1:31:24]} d5 {[%clk
1:31:18]} 3. Nc3 {[%clk 1:31:52]} dxe4 {[%clk 1:31:41]} 4. Nxe4 {[%clk 1:32:20]}
Bf5 {[%clk 1:32:01]} 5. Ng3 {[%clk 1:32:47]} Bg6 {[%clk 1:32:25]} 6. h4 {[%clk
1:33:14]} h6 {[%clk 1:32:47]} 7. Nf3 {[%clk 1:33:42]} e6 {[%clk 1:33:10]} 8. h5
{[%clk 1:34:08]} Bh7 {[%clk 1:33:34]} 9. Bd3 {[%clk 1:34:36]} Bxd3 {[%clk
1:33:56]} 10. Qxd3 {[%clk 1:35:02]} Nf6 {[%clk 1:34:11]} 11. Bd2 {[%clk 1:35:29]}
Qb6 {[%clk 1:34:35]} 12. O-O-O {[%clk 1:33:38]} Qa6 {[%clk 1:34:50]} 13. Qxa6
{[%clk 0:57:52]} Nxa6 {[%clk 1:35:00]} 14. Rde1 {[%clk 0:57:52]} Be7 {[%clk
1:27:06]} 15. Ne4 {[%clk 0:57:51]} Rd8 {[%clk 1:26:33]} 16. Nxf6+ {[%clk
0:51:30]} Bxf6 {[%clk 1:26:29]} 17. Be3 {[%clk 0:51:55]} Nb4 {[%clk 1:19:03]} 18.
a3 {[%clk 0:52:09]} Nd5 {[%clk 1:19:28]} 19. Bd2 {[%clk 0:52:06]} Nb6 {[%clk
1:16:22]} 20. Re4 {[%clk 0:49:19]} Nc4 {[%clk 1:15:36]} 21. Bf4 {[%clk 0:48:45]}
b5 {[%clk 1:12:26]} 22. b3 {[%clk 0:40:53]} Nd6 {[%clk 1:09:07]} 23. Re2 {[%clk
0:39:15]} a5 {[%clk 1:06:46]} 24. Ne5 {[%clk 0:33:21]} Nf5 {[%clk 0:51:41]} 25.
Nxc6 {[%clk 0:27:57]} Nxd4 {[%clk 0:50:28]} 26. Nxd4 {[%clk 0:28:22]} Rxd4 {[%clk
0:49:43]} 27. Bc7 {[%clk 0:20:32]} a4 {[%clk 0:44:16]} 28. Rd1 {[%clk 0:13:51]}
Bg5+ {[%clk 0:39:44]} 29. f4 {[%clk 0:14:17]} Bxf4+ {[%clk 0:40:06]} 30. Bxf4
{[%clk 0:14:45]} Rxf4 {[%clk 0:40:27]} 31. Rd5 {[%clk 0:14:56]} axb3 {[%clk
0:39:00]} 32. c3 {[%clk 0:11:25]} O-O {[%clk 0:31:42]} 33. Rxb5 {[%clk 0:11:52]}
Ra8 {[%clk 0:31:48]} 34. Kb2 {[%clk 0:11:54]} Rfa4 {[%clk 0:32:04]} 35. Rxb3
{[%clk 0:12:17]} R8a5 {[%clk 0:16:33]} 36. Rc2 {[%clk 0:12:38]} Rxh5 {[%clk
0:15:49]} 37. c4 {[%clk 0:12:58]} Rc5 {[%clk 0:15:06]} 38. Rb8+ {[%clk 0:12:57]}
Kh7 {[%clk 0:15:29]} 39. Kb3 {[%clk 0:12:54]} Rca5 {[%clk 0:14:03]} 40. Ra2
{[%clk 0:43:20]} Ra7 {[%clk 0:44:24]} 41. Rb4 {[%clk 0:40:38]} R4a5 {[%clk
0:42:33]} 42. a4 {[%clk 0:40:27]} Re5 {[%clk 0:41:11]} 43. Rb5 {[%clk 0:40:30]}
Re1 {[%clk 0:41:27]} 44. a5 {[%clk 0:39:34]} e5 {[%clk 0:40:58]} 45. a6 {[%clk
0:37:30]} e4 {[%clk 0:41:18]} 46. Kb4 {[%clk 0:34:02]} e3 {[%clk 0:35:59]} 47.
Ka5 {[%clk 0:33:52]} Re7 {[%clk 0:25:09]} 48. Rbb2 {[%clk 0:14:26]} Rc1 {[%clk
0:21:59]} 49. Kb5 {[%clk 0:12:31]} Re5+ {[%clk 0:20:45]} 50. Kb6 {[%clk 0:10:52]}
Rxc4 {[%clk 0:19:35]} 51. a7 {[%clk 0:11:18]} Re6+ {[%clk 0:13:33]} 52. Kb7
{[%clk 0:11:16]} e2 {[%clk 0:04:56]} 53. Rxe2 {[%clk 0:11:40]} Rb4+ {[%clk
0:05:23]} 54. Ka8 {[%clk 0:10:51]} Reb6 {[%clk 0:05:02]} 55. Re8 {[%clk 0:10:10]}
Rb2 {[%clk 0:05:06]} 56. Rxb2 {[%clk 0:09:18]} Rxb2 {[%clk 0:05:34]} 57. Rb8
{[%clk 0:08:59]} Rxg2 {[%clk 0:06:02]} 58. Kb7 {[%clk 0:09:25]} Ra2 {[%clk
0:06:19]} 59. a8Q {[%clk 0:09:36]} Rxa8 {[%clk 0:06:44]} 60. Rxa8 {[%clk
0:10:04]} g5 {[%clk 0:04:44]} 61. Kc6 {[%clk 0:10:14]} Kg6 {[%clk 0:04:06]} 62.
Kd5 {[%clk 0:10:38]} Kf5 {[%clk 0:04:32]} 63. Ra1 {[%clk 0:09:37]} Kf4 {[%clk
0:04:52]} 64. Ra4+ {[%clk 0:07:52]} Kf5 {[%clk 0:01:44]} 65. Kd4 {[%clk 0:08:06]}
Kf4 {[%clk 0:01:42]} 66. Kd3+ {[%clk 0:08:11]} Kf3 {[%clk 0:02:08]} 67. Ra5
{[%clk 0:08:02]} Kg4 {[%clk 0:01:27]} 68. Ra4+ {[%clk 0:05:55]} Kf3 {[%clk
0:01:06]} 69. Ra5 {[%clk 0:05:47]} Kg4 {[%clk 0:01:02]} 70. Ke3 {[%clk 0:06:04]}
f5 {[%clk 0:01:11]} 71. Kf2 {[%clk 0:05:35]} h5 {[%clk 0:01:35]} 72. Kg2 {[%clk
0:05:05]} h4 {[%clk 0:01:54]} 73. Ra4+ {[%clk 0:04:51]} Kh5 {[%clk 0:02:17]} 74.
Ra5 {[%clk 0:04:08]} Kg6 {[%clk 0:01:31]} 75. Kh3 {[%clk 0:04:29]} Kf6 {[%clk
0:01:57]} 76. Ra6+ {[%clk 0:04:42]} Kf7 {[%clk 0:01:59]} 77. Kg2 {[%clk 0:04:27]}
g4 {[%clk 0:01:06]} 78. Kf2 {[%clk 0:04:51]} Kg7 {[%clk 0:01:05]} 79. Ke3 {[%clk
0:05:14]} h3 {[%clk 0:01:31]} 80. Kf4 {[%clk 0:05:25]} Kf7 {[%clk 0:01:32]} 81.
Rh6 {[%clk 0:05:04]} Kg7 {[%clk 0:01:48]} 82. Rh5 {[%clk 0:04:47]} Kg6 {[%clk
0:02:10]} 83. Rh4 {[%clk 0:04:52]} Kf6 {[%clk 0:02:32]} 84. Rh8 {[%clk 0:03:23]}
Kg7 {[%clk 0:02:49]} 85. Rc8 {[%clk 0:03:41]} Kg6 {[%clk 0:03:05]} 86. Rf8 {[%clk
0:03:49]} Kh6 {[%clk 0:01:42]} 87. Rf6+ {[%clk 0:04:08]} Kg7 {[%clk 0:01:36]} 88.
Rxf5 {[%clk 0:04:31]} 1-0

[Event "LOTTO Polish Championship"]
[Site "www.chessmanager.com"]
[Date "2018.05.17"]
[Round "6"]
[White "Sadzikowski, Daniel"]
[Black "Gajewski, Grzegorz"]
[Result "1/2-1/2"]
[Board "3"]
[WhiteElo "2588"]
[WhiteTitle "GM"]
[WhiteCountry "POL"]
[WhiteFideId "1132253"]
[BlackElo "2599"]
[BlackTitle "GM"]
[BlackCountry "POL"]
[BlackFideId "1116207"]

1. e4 {[%clk 1:30:53]} e5 {[%clk 1:30:51]} 2. Nf3 {[%clk 1:31:16]} Nc6 {[%clk
1:31:16]} 3. Bb5 {[%clk 1:31:35]} Nf6 {[%clk 1:31:01]} 4. d3 {[%clk 1:31:33]} Bc5
{[%clk 1:31:25]} 5. Nc3 {[%clk 1:31:52]} d6 {[%clk 1:19:28]} 6. Na4 {[%clk
1:31:59]} Bb6 {[%clk 1:19:37]} 7. c3 {[%clk 1:31:51]} O-O {[%clk 1:18:24]} 8.
Nxb6 {[%clk 1:27:50]} axb6 {[%clk 1:18:51]} 9. O-O {[%clk 1:25:03]} Ne7 {[%clk
1:14:00]} 10. Ba4 {[%clk 1:25:26]} Ng6 {[%clk 1:14:01]} 11. h3 {[%clk 1:24:17]}
h6 {[%clk 1:10:34]} 12. Bc2 {[%clk 1:21:34]} c5 {[%clk 1:06:34]} 13. d4 {[%clk
1:16:25]} Be6 {[%clk 1:06:39]} 14. b3 {[%clk 1:02:37]} Qc7 {[%clk 1:05:28]} 15.
d5 {[%clk 0:58:01]} Bd7 {[%clk 1:05:51]} 16. Nh2 {[%clk 0:58:27]} Qd8 {[%clk
1:01:26]} 17. Qf3 {[%clk 0:42:35]} Nh7 {[%clk 0:57:58]} 18. Qg3 {[%clk 0:41:16]}
Qe8 {[%clk 0:47:41]} 19. Ng4 {[%clk 0:40:00]} Kh8 {[%clk 0:43:40]} 20. Ne3 {[%clk
0:36:24]} Nf4 {[%clk 0:41:56]} 21. Re1 {[%clk 0:36:13]} b5 {[%clk 0:20:33]} 22.
c4 {[%clk 0:32:51]} g6 {[%clk 0:17:19]} 23. cxb5 {[%clk 0:31:07]} Nh5 {[%clk
0:14:11]} 24. Qh2 {[%clk 0:28:51]} Bxb5 {[%clk 0:11:53]} 25. Nc4 {[%clk 0:29:20]}
Bxc4 {[%clk 0:11:56]} 26. bxc4 {[%clk 0:29:48]} g5 {[%clk 0:11:39]} 27. a4 {[%clk
0:30:01]} Qd7 {[%clk 0:11:11]} 28. g3 {[%clk 0:21:38]} Rg8 {[%clk 0:11:39]} 29.
Kh1 {[%clk 0:16:34]} Rg6 {[%clk 0:10:39]} 30. Bd2 {[%clk 0:14:31]} Rag8 {[%clk
0:10:18]} 31. Rg1 {[%clk 0:07:15]} N5f6 {[%clk 0:09:35]} 32. Rab1 {[%clk
0:06:48]} Kg7 {[%clk 0:09:10]} 33. Rb6 {[%clk 0:06:29]} g4 {[%clk 0:09:21]} 34.
h4 {[%clk 0:00:48]} Ng5 {[%clk 0:09:48]} 35. hxg5 {[%clk 0:00:39]} hxg5 {[%clk
0:10:15]} 36. Rgb1 {[%clk 0:00:46]} Rh6 {[%clk 0:10:12]} 37. Qxh6+ {[%clk
0:00:47]} Kxh6 {[%clk 0:10:40]} 38. Rxb7 {[%clk 0:01:10]} Qe8 {[%clk 0:11:05]}
39. a5 {[%clk 0:01:02]} Kg6 {[%clk 0:06:16]} 40. a6 {[%clk 0:30:56]} Rh8+ {[%clk
0:32:48]} 41. Kg2 {[%clk 0:30:55]} Qg8 {[%clk 0:23:32]} 42. Rh1 {[%clk 0:20:48]}
Rxh1 {[%clk 0:11:33]} 43. Kxh1 {[%clk 0:21:15]} Qa8 {[%clk 0:11:57]} 44. Rb6
{[%clk 0:21:29]} Qa7 {[%clk 0:10:38]} 45. Rc6 {[%clk 0:15:34]} Qb8 {[%clk
0:10:08]} 46. Bc3 {[%clk 0:10:48]} Kg7 {[%clk 0:08:25]} 47. Kg2 {[%clk 0:08:15]}
Nd7 {[%clk 0:07:11]} 48. Ba5 {[%clk 0:06:54]} Qb2 {[%clk 0:06:25]} 49. a7 {[%clk
0:05:27]} Qxc2 {[%clk 0:05:17]} 50. a8Q {[%clk 0:05:28]} 1/2-1/2

[Event "LOTTO Polish Championship"]
[Site "www.chessmanager.com"]
[Date "2018.05.17"]
[Round "6"]
[White "Bartel, Mateusz"]
[Black "Socko, Bartosz"]
[Result "1-0"]
[Board "5"]
[WhiteElo "2604"]
[WhiteTitle "GM"]
[WhiteCountry "POL"]
[WhiteFideId "1112635"]
[WhiteEloChange "5"]
[BlackElo "2593"]
[BlackTitle "GM"]
[BlackCountry "POL"]
[BlackFideId "1107038"]
[BlackEloChange "-5"]

1. e4 {[%clk 1:30:56]} e6 {[%clk 1:30:54]} 2. d4 {[%clk 1:31:13]} d5 {[%clk
1:31:19]} 3. Nc3 {[%clk 1:31:38]} Nf6 {[%clk 1:31:41]} 4. e5 {[%clk 1:31:49]}
Nfd7 {[%clk 1:32:05]} 5. f4 {[%clk 1:32:13]} c5 {[%clk 1:32:29]} 6. Nf3 {[%clk
1:32:38]} a6 {[%clk 1:32:52]} 7. Ne2 {[%clk 1:30:48]} Nc6 {[%clk 1:33:15]} 8. c3
{[%clk 1:28:28]} b5 {[%clk 1:33:37]} 9. a3 {[%clk 1:28:54]} Be7 {[%clk 1:20:14]}
10. Be3 {[%clk 1:23:49]} O-O {[%clk 1:17:23]} 11. Ng3 {[%clk 1:22:28]} cxd4
{[%clk 1:12:41]} 12. cxd4 {[%clk 1:21:38]} f5 {[%clk 1:09:13]} 13. exf6 {[%clk
1:14:50]} Nxf6 {[%clk 1:09:16]} 14. Ne5 {[%clk 1:14:53]} Nxe5 {[%clk 0:58:23]}
15. dxe5 {[%clk 1:14:08]} Ne4 {[%clk 0:57:58]} 16. Bd3 {[%clk 1:10:24]} Bb7
{[%clk 0:47:24]} 17. Qg4 {[%clk 1:01:58]} Qa5+ {[%clk 0:47:44]} 18. Ke2 {[%clk
1:02:23]} Kh8 {[%clk 0:48:05]} 19. Qxe6 {[%clk 0:49:17]} Rae8 {[%clk 0:44:35]}
20. Bxe4 {[%clk 0:45:41]} dxe4 {[%clk 0:33:32]} 21. Bb6 {[%clk 0:45:08]} Qa4
{[%clk 0:22:43]} 22. b3 {[%clk 0:45:32]} Bxa3 {[%clk 0:23:01]} 23. bxa4 {[%clk
0:44:19]} Rxe6 {[%clk 0:23:21]} 24. Bd4 {[%clk 0:40:54]} Be7 {[%clk 0:15:45]} 25.
Ke3 {[%clk 0:37:47]} bxa4 {[%clk 0:16:10]} 26. Rxa4 {[%clk 0:36:42]} Rg6 {[%clk
0:16:18]} 27. Rb1 {[%clk 0:35:13]} Bd5 {[%clk 0:14:21]} 28. Ra5 {[%clk 0:34:13]}
Bc4 {[%clk 0:10:14]} 29. Bc5 {[%clk 0:34:07]} Bxc5+ {[%clk 0:09:13]} 30. Rxc5
{[%clk 0:34:12]} Bb5 {[%clk 0:09:03]} 31. Rbc1 {[%clk 0:30:01]} h5 {[%clk
0:09:13]} 32. Rc8 {[%clk 0:30:21]} Kg8 {[%clk 0:09:38]} 33. f5 {[%clk 0:18:57]}
Rg4 {[%clk 0:09:16]} 34. e6 {[%clk 0:12:02]} h4 {[%clk 0:09:06]} 35. Nh5 {[%clk
0:11:11]} Rg5 {[%clk 0:05:50]} 36. f6 {[%clk 0:11:00]} Be8 {[%clk 0:02:32]} 37.
e7 {[%clk 0:08:55]} Rxh5 {[%clk 0:02:40]} 38. exf8Q+ {[%clk 0:09:14]} Kxf8 {[%clk
0:03:04]} 39. fxg7+ {[%clk 0:09:38]} 1-0